Top 40 Highest Paid NBA Players 2024-2025 - Statistics

General Stats
  • This quiz has been taken 410 times
  • The average score is 31 of 40
Answer Stats
Rank Player Salary % Correct
14 LeBron James $48,728,845
99%
1 Stephen Curry $55,761,216
98%
19 Luka Doncic $43,031,940
95%
3 Nikola Jokic $51,415,938
95%
4 Kevin Durant $51,179,021
94%
13 Giannis Antetokounmpo $48,787,676
92%
6 Jaylen Brown $49,700,000
92%
40 Jayson Tatum $34,848,340
92%
16 Anthony Davis $43,219,440
89%
2 Joel Embiid $51,415,938
89%
7 Devin Booker $49,205,800
87%
9 Kawhi Leonard $49,205,800
85%
34 Shai Gilgeous-Alexander $35,859,950
85%
8 Karl-Anthony Towns $49,205,800
84%
25 Kyrie Irving $41,000,000
84%
22 Anthony Edwards $42,176,400
83%
12 Damian Lillard $48,787,676
83%
11 Jimmy Butler $48,798,677
82%
10 Paul George $49,205,800
82%
5 Bradley Beal $50,203,930
80%
33 Jamal Murray $36,016,200
79%
28 Zion Williamson $36,725,670
79%
38 LaMelo Ball $35,147,000
78%
21 Tyrese Haliburton $42,176,400
78%
30 Ja Morant $36,725,670
77%
17 Trae Young $43,031,940
77%
26 Domantas Sabonis $40,500,000
76%
36 Donovan Mitchell $35,410,310
76%
39 Bam Adebayo $34,848,340
75%
15 Rudy Gobert $43,827,586
73%
18 Zach LaVine $43,031,940
72%
23 Pascal Siakam $42,176,400
70%
37 Tyrese Maxey $35,147,000
69%
29 Darius Garland $36,725,670
65%
32 Brandon Ingram $36,016,200
63%
24 Lauri Markkanen $42,176,400
59%
27 Ben Simmons $40,338,144
53%
20 Fred VanVleet $42,846,615
51%
35 Michael Porter Jr. $35,859,950
50%
31 OG Anunoby $36,637,932
34%
No matching quizzes found
Score Distribution
Percent of People with Each Score
Percentile by Number Answered
Your Score History
You have not taken this quiz